00459nam a22001337a 450000500170000001000190001702000270003603700350006310000180009824500660011626000490018227000680023130000260029920221205143942.0 aE.N.A./7.11.22 a9789390660261c1850.00 bSatish Serial publishing house aSachan Shweta aGenetic Characterization of Fitness Traits/cby Shweta Sachan a DelhibSatish serial publishing housec2023 a403, Express Tower, Commercial complex, Azadpur,bDelhie110033 axiii, 177pc24cm (HB)